Score 0/69 Timer 07:00
0 Plays Today
Hint Answer % Correct
Der KinderlumperKinderlumper
65.1%
For Your Ice OnlyHockey Z-9
55.8%
Fly on the WallFly on the Wall
55.8%
Bee StoryWaggle Dance
55.8%
Troy StoryTroy!
53.5%
My Sweet RideMy Cruisin' Sweet Ride
51.2%
Backyard Hodge PodgeBackyard Hodge Podge
51.2%
Act Your AgeWhat Might Have Been
50%
Happy New Year!Happy New Year
48.8%
Mission: MarvelOnly Trying to Help
48.8%
Mission: MarvelFeeling Froggy
48.8%
SidetrackedHandcar
46.5%
Night of the Living PharmacistsJump Right to It
41.7%
Night of the Living PharmacistsTriangulation
41.7%
Night of the Living PharmacistsLots of Me
41.7%
Doof 101Doof 101
38.2%
Star WarsRebel, Let's Go!
37.8%
Bee DayBee Song
37.2%
Operation Crumb CakeI Need My Letter Back
35.1%
Star WarsTatooine
35.1%
The Inator MethodThe Inator Method
35.1%
Happy Birthday, Isabella!Isabella's Birthday Song
34.9%
SidetrackedHelicopter Fight
32.6%
Mind ShareSquare Dance
32.6%
Knot My ProblemGordian Knot
32.6%
Mission: MarvelMy Evil Buddies and Me
32.6%
Star WarsIn the Empire
32.4%
La Candace-CabraChupacabra Ho
30.2%
Night of the Living PharmacistsArmy of Me
27.8%
Act Your AgeMid-Life Crisis
26.5%
Mission: MarvelFeelin' Super
25.6%
Save SummerSummer All Over the World
24.3%
The Klimpaloon UltimatumThe Ballad of Klimpaloon
24.3%
Where's Pinky?History of the Tri-State Area
23.3%
Mission: MarvelSurfin' Asteroids
23.3%
Hint Answer % Correct
Terriffying Tri-State Trilogy of TerrorNo Mo Mo
22.5%
Tales from the Resistance: Back to the 2nd DimensionPlaying a Game of Sports
22.2%
Love at First ByteRobot Love Song
20.9%
Save SummerO.W.C.A's Going Down
18.9%
Star WarsSith-inator
18.9%
Lost in DanvilleTalk to Him
18.9%
Last Day of SummerSerious Fun
18.5%
Last Day of SummerCurtain Call/Time Spent Together
18.5%
Just Our LuckDancing in the Sunshine
17.5%
Tales from the Resistance: Back to the 2nd DimensionAll the Convoluted Reasons We Pretend to be Divorced
16.7%
Great Balls of WaterExtaordinary
16.3%
One Good TurnHumiliating Stumblegimp Dance of Contrition
16.3%
Father's DayFletcher Family Flying Circus
16.2%
The Klimpaloon UltimatumFlashing Back to Fashion Forward
16.2%
DruselsteinoweenVampire Queens Love Pimpernels
15%
O.W.C.A. FilesO.W.C.A. Files
14.8%
Thanks But No ThanksPyramid Sports
14%
Star WarsI'm Feelin' So Low
13.5%
It's No PicnicPic-A-Nic Bust
12.8%
Imperfect StormStraight-Up Bust
12.8%
Bully BustWake Up Better
11.6%
Just DessertsRock Climbing Wall
11.6%
Last Day of SummerWhen Tomorrow is This Morning Again
11.1%
Last Day of SummerGotta Get Back in Time
11.1%
Return PolicyExtremely Extreme
10%
Primal PerryImprobably Knot
9.3%
Face Your FearFoam Town
7.5%
The Return of Rogue RabbitGiant Puppet
5.4%
Live and Let DriveDoof's Evil Hideout Vacation Swap
5.1%
Cheers for FearsGiant 3D Scrapbook
5%
SteampunxProfessor Elemental Future Past
5%
Last Day of SummerThere's No One I'd Rather Go Nowhere With
3.7%
O.W.C.A. FilesThey Left Me Standing Outside
3.7%
O.W.C.A. FilesBits of All of Us
0%
Remove Ads.
Support Sporcle.
Get the best of Sporcle when you Go Orange. This ad-free experience offers more features, more stats, and more fun while also helping to support Sporcle. Thank you for becoming a member.

You're not logged in!

Compare scores with friends on all Sporcle quizzes.
OR
Log In

Show Comments

Extras

Top Quizzes Today


Score Distribution

Your Account Isn't Verified!

In order to create a playlist on Sporcle, you need to verify the email address you used during registration. Go to your Sporcle Settings to finish the process.

Report this User

Report this user for behavior that violates our Community Guidelines.

Details: